000
00336nam a2200121 a 4500
005
20140414131856.0
008
100828s19uu xx 00 eng d
050
_a
FIL
_b
B46 2001
100
_a
Villanueva, Rene O.
245
_a
Bertdey ni Guido :
_b
Guido's birthday.
260
_a
Manila, Philippines :
_b
Lampara,
_c
2001.
999
_c
110481
_d
110481